00756nam a2200205 a 450000100100000000500170001000800410002702000150006804000250008308200150010810000320012324000450015524500870020026000340028730000350032150400290035670000350038595201130042099900170053300002278420200930021808.0101118s2003 sp ac 000 0 spa d a8449314259 aDO-SdBNPbspacBNPHU axxxbA859c1 aAstruc, Frédéric94681313aLe cinéma de frères cohenlfrancés13aEl cine de los hermanos Coen /cFrédéric Astruc ; traducción Javier Palacio. aBarcelona :bPaidós,c2003. a347 p. :bil., retr. ;c22 cm. aBibliografía : 337-3411 aPalacio, Javier,etrad.946339 001050718MOaGRbGRcHDd2010-11-18iLF1l0oxxx A859cp22784-10r2020-06-25w2020-06-25y1ZNo se presta c22281d22281